000
00354nam a2200169Ia 4500
003
0STCL
008
150530s9999 xx 000 0 und d
040
_a
STCL
_c
STCL
100
_a
Agni Hotri
245
_a
Rekha
260
_b
Shankar; Delhi
_c
1945
300
_a
0
546
_a
Hindi
942
_2
ddc
_c
BK
999
_c
62675
_d
62675
005
20220125171212.0